| 000 | 00470nam a2200193Ia 4500 | ||
|---|---|---|---|
| 003 | OSt | ||
| 005 | 20260502112110.0 | ||
| 008 | 250729s2010 xx 000 0 und d | ||
| 020 | _a978-8120330559 | ||
| 040 | _cAL | ||
| 041 | _aeng | ||
| 082 | _a370.15 MANE | ||
| 100 |
_aS.K .Mangal _9231003 |
||
| 245 | _aEssential of educational psychology | ||
| 260 |
_aNew Delhi _bP H I Learning _c2010 |
||
| 300 | _a726p | ||
| 650 |
_aPsychology _9231004 |
||
| 942 |
_2ddc _cBED |
||
| 999 |
_c239064 _d239064 |
||